Normal view
MARC view
Entry Personal Name
001 - CONTROL NUMBER
- control field: 248870
003 - CONTROL NUMBER IDENTIFIER
- control field: OSt
005 - DATE AND TIME OF LATEST TRANSACTION
- control field: 20251211143907.0
008 - FIXED-LENGTH DATA ELEMENTS
- fixed length control field: 251211|| aca||aabn | a|a d
040 ## - CATALOGING SOURCE
- Original cataloging agency: OSt
- Transcribing agency: OSt
100 ## - HEADING--PERSONAL NAME
- Personal name: GITA KULAKARNI
- Dates associated with a name: ಗೀತಾ ಕುಲಕರ್ಣಿ
670 ## - SOURCE DATA FOUND
- Source citation: Work cat.: (OSt)180141: GITA KULAKARNI ಗೀತಾ ಕುಲಕರ್ಣಿ , Nula eni., 1982